AH International Schools' Libraries

The Jesus storybook bible: (Record no. 49943)

MARC details
000 -LEADER
fixed length control field 00433nam a2200133 4500
020 ## - INTERNATIONAL STANDARD BOOK NUMBER
International Standard Book Number 9780310729945
100 ## - MAIN ENTRY--PERSONAL NAME
Personal name Lloyd-Jones, Sally.
9 (RLIN) 82363
245 ## - TITLE STATEMENT
Title The Jesus storybook bible:
Remainder of title every story whispers his name /
Statement of responsibility, etc Sally Lloyd - Jones.
260 ## - PUBLICATION, DISTRIBUTION, ETC. (IMPRINT)
Place of publication, distribution, etc Grand Rapids, Michigan:
Name of publisher, distributor, etc Zondervan Kidz;
Date of publication, distribution, etc 2012.
300 ## - PHYSICAL DESCRIPTION
Extent 348 p.
Other physical details col. ill.
Dimensions 20 cm.
650 ## - SUBJECT ADDED ENTRY--TOPICAL TERM
Topical term or geographic name as entry element Bible stories.
700 ## - ADDED ENTRY--PERSONAL NAME
Relator code illustrator.
Personal name Jago.
9 (RLIN) 87021
942 ## - ADDED ENTRY ELEMENTS (KOHA)
Source of classification or shelving scheme
Koha item type Book
Holdings
Withdrawn status Lost status Source of classification or shelving scheme Damaged status Not for loan Collection code Home library Current library Date acquired Total Checkouts Full call number Barcode Date last seen Price effective from Koha item type
          Non-Fiction Asian Hope Siem Reap Asian Hope Siem Reap 12/10/2025   220.9505 LLO 209656 12/10/2025 12/10/2025 Book

For any Logos Library related questions please contact Miss Art at swongnarasuk@asianhope.org.

For any Asian Hope Library related questions please contact Miss Raza at graza@asianhope.org.

Click here to explore our ebooks!

Powered by Koha